000 00733nam a2200277Ia 4500
005 20260324121545.0
008 008 260324s9999 xx 000 0 eng d
020 _a9780429193392
037 _aEBOOK
040 _aCRL
040 _beng
040 _cCRL
041 _2eng
041 _aeng
084 _qCRL
100 _aBrian D. Kavanagh; David J. Schlesinger; Steven J. Goetsch; Stanley H. Benedict
_91162969
245 0 _aStereotactic Radiosurgery and Stereotactic Body Radiation Therapy
260 _bTaylor and Francis
260 _c2014
365 _a
365 _b435
856 _uhttp://www.taylorfrancis.com/books/9780429193392
942 _cEBOOK
999 _c1755164
_d1755164